Distributed algorithms : (Record no. 165736)

MARC details
000 -LEADER
fixed length control field 00617nam a2200193 4500
005 - DATE AND TIME OF LATEST TRANSACTION
control field 20190628131536.0
010 ## - LCCN (DPL NO)
LC control number ENG-125808
020 ## - INTERNATIONAL STANDARD BOOK NUMBER
International Standard Book Number 9789388028394
Terms of availability 695.00
035 ## - SYSTEM CONTROL NUMBER
System control number EN-109340
037 ## - SOURCE OF ACQUISITION
Source of stock number/acquisition DBAD/PUB
082 ## - DEWEY DECIMAL CLASSIFICATION NUMBER
Classification number 004.36
100 ## - MAIN ENTRY--PERSONAL NAME
Personal name Fokkink, Wan
245 ## - TITLE STATEMENT
Title Distributed algorithms :
Remainder of title an intuitive approach /
Statement of responsibility, etc by Wan Fokkink /
260 ## - PUBLICATION, DISTRIBUTION, ETC. (IMPRINT)
Place of publication, distribution, etc Delhi
Name of publisher, distributor, etc PHI learning
Date of publication, distribution, etc 2019
270 ## - ADDRESS
Address Rimjhim House, 111 Patparganj Industrial Estate
City Delhi
Postal code 110092
300 ## - PHYSICAL DESCRIPTION
Extent xii,254p.
Dimensions 24cm(pbk)
500 ## - GENERAL NOTE
General note Includes bibliographical references and index
942 ## - ADDED ENTRY ELEMENTS (KOHA)
Source of classification or shelving scheme Dewey Decimal Classification
Item type English Books
Classification part 004.36
Call number suffix FOR
Holdings
Withdrawn status Lost status Not for loan Collection code Home library Current library Date acquired Source of acquisition Cost, normal purchase price Full call number Barcode Copy number Cost, replacement price Koha item type
      Non-fiction Ashok Vihar Ashok Vihar 28/06/2019 DBAD/PUB 395.00 004.36 FOR EN-109340 1 395.00 English Books

© Delhi Public Library
Hit Counter
free hit counter